000 00325nam a22000977a 4500
100 _aअनिल,राजकुमार
_970319
245 _aमौत के साये में
260 _aदिल्‍ली
_bइतिहास शोध संस्‍थान
_c2010
650 _aनाटक
942 _cHIN
999 _c64355
_d64355